000
00316 a2200145 4500
001
74925
020
_a
9781408286999
040
_c
Anchieta - Colégio São Paulo
100
_a
Haper, Katheryn
240
1
0
_a
Dumbo
_l
por
245
1
0
_a
Dumbo
300
_a
15
650
4
_a
Literatura infantil em inglês
942
_c
BK
999
_c
74925
_d
74925